000 01408cam a2200397Ii 4500
999 _c64359
_d64359
001 796763761
003 OCoLC
005 20180810103909.0
008 120624r20141996flu b 000 0 spa d
020 _a9780829759358 (hbk.)
020 _a0829759352 (hbk.)
040 _aBTCTA
_beng
_erda
_cCO-MdFUSB
_dCPP
_dCAP
_dUtOrBLW
041 1 _aspa
_heng
082 _223
_a225.7
_bC65b
100 1 _aGarland, David E.
_eautor.
240 1 0 _aMark.
245 1 0 _aMarcos :
_bdel texto bíblico a una aplicación contemporánea /
_cDavid E. Garland; traducción: Pedro L. Gómez Flores y Dorcas González.
264 1 _aMiami, Florida :
_bEditorial Vida,
_c2014.
264 4 _c©[2014]
300 _a751 páginas ;
_c24 cm.
336 _atexto
_btxt
_2rdacontent.
337 _asin mediación
_bn
_2rdamedia.
338 _avolumen
_bnc
_2rdacarrier.
490 _aNVI Comentarios bíblicos con aplicación
500 _aTraducido de: Mark. Grand Rapids, Michigan : Zondervan, c1996.
504 _aIncluye referencias bibliográficas.
563 _aPasta dura.
630 0 0 _aBible.
_pMark
_vCommentaries.
630 0 7 _aBiblia.
_pMarcos
_vComentarios.
700 1 _aGómez Flores, Pedro L.,
_etraductor.
700 1 _aGonzález, Dorcas,
_etraductor.
830 0 _aComentarios Bíblicos con aplicación.
830 0 _aNIV application commentary.
942 _cREF